| 000 | 00586nam a2200181 a 4500 | ||
|---|---|---|---|
| 005 | 20240614063728.0 | ||
| 008 | 991125s1971 ea 000 0 eng u | ||
| 035 | _aUPN01000005255 | ||
| 049 | _aF | ||
| 050 | 4 |
_aPE1117 _bS24b |
|
| 100 | 1 | _aHollander, Sheila K. | |
| 245 | 1 | 0 |
_aBaby monkey / _cby Sheila K. Hollander ; ill. by Cecile Webster. |
| 260 |
_aGlenview [E.U.A.] : _bScott Foresman, _c1971. |
||
| 300 |
_a24 p. : _bprincipalmente il. |
||
| 440 | 0 |
_aScott Foresman reading systems ; _vlevel 4, book B |
|
| 650 | 4 |
_aInglés _vLibros de texto para extranjeros _99168 |
|
| 905 | _aLibro | ||
| 999 |
_c5255 _d5255 |
||